Cyrillique - Latin - Statistiques

Statistiques générales
  • Ce quiz a été pris 202 fois
  • Le résultat moyen est 9 sur 15
Statistiques - réponses
Hint Réponse % Correct
Москва Moscou
99%
Париж Paris
77%
Украйна Ukraine
77%
Волга Volga
74%
Тарковский Tarkovski
69%
Александр Невский Alexandre Nevski
64%
Достоевский Dostoïevski
63%
Чайковский Tchaïkovski
61%
Прокофьев Prokofiev
56%
Союз Советских Социалистических Республик Union des Républiques Socialistes Soviétiques
51%
Уральские горы Monts Oural
48%
Балтийское Море Mer Baltique
44%
Иван Васильевич "Грозный" Ivan Vassilievitch dit le "Terrible"
39%
Война и Мир Guerre et Paix
30%
Операция "Ы" и другие приключения Шурика Opération "I" et autres aventures de Chourik
13%
Aucun quiz correspondant
Distribution des résultats
% des personnes avec chaque résultat
Percentile par nombre de réponses
Votre historique - résultats
Vous n’avez pas pris ce quiz